01632nam a22001937a 4500003001000000005001700010008004100027040001400068041000700082100006300089245009400152260003000246300001200276500005100288520094400339650001201283654001101295700013201306IT-MiCISF20220908153020.0220908b ||||| |||| 00| 0 eng d cIT-MiCISF aIT aPerez-Soba Juan José, Perez Candelario Tomas (a cura di) aIntelligenza d'amore: una nuova epistemologia morale oltre la dialettica tra norma e caso aSiena, bCantagallic2018 app. 344 apersona, amore, teologia, morale, norme-morali a«La carità della Chiesa ci impegna a sviluppare – sul piano dottrinale e pastorale – la nostra capacità di leggere e interpretare, per il nostro tempo, la verità e la bellezza del disegno creatore di Dio. L’irradiazione di questo progetto divino, nella complessità della condizione odierna, chiede una speciale intelligenza d’amore» (Francesco, Discorso al Pontificio Istituto Giovanni Paolo II, 27-X-2016). Le parole di Papa Francesco invitano a scorgere il significato del disegno divino quale via per l’evangelizzazione. L’amore vero rende insostenibile un concetto di legge esteriore all’uomo e una considerazione del caso morale al di fuori della comunicazione oggettiva dei beni morali. Il chiarimento del valore conoscitivo dell’amore vero e la sua capacità integrativa di tutti i dinamismi umani, è un apporto prezioso per istruire una morale evangelica, capace di rispondere alle grandi sfide attuali apersona astudio aCalmeyn M.L., Cioli G., Granados C., Maceri F., Mazzocato G., Melina L., Perez-Soba J.J., Sequeri P., Vaccarezza M.S., Wald B..